000 00864nam a2200193Ii 4500
003 JO-AjNU
008 230605s9999||||xx |||||||||||||| ||und||
040 _aJO-AjNU
_bara
_erda
_cJO-AjNU
041 _aara
050 1 4 _aBF1448.A7.A442
100 3 _aراضي، علي عبد الجليل,
_eauthor
_939871
245 0 0 _aالعالم غير المنظور : بحث شامل في الروح والإنسان والموت ، قصة الخلق والملائكة والجن والجنة والنار على ضوء أحدث النظريات العلمية
264 3 1 _aبيروت: دار يوسف، د.ت
300 _a289ص
336 _atext
_btxt
_2rdacontent
337 _aunmediated
_bn
_2rdamedia
338 _avolume
_bnc
_2rdacarrier
650 4 _aالخلق- السمعيات- الروح- الموت-يوم القيامة- الجن- الشياطين
_939872
999 _aA16875
_c20443
_d20443